000
00291nam a22001337a 4500
008
171124b xxu||||| |||| 00| 0 eng d
020
_a
9780072401882
041
_a
eng
080
_2
4th
_a
32
100
_a
19
101
_a
POL
245
_a
WE THE PEOPLE
_c
PATTERSON,TH,E
942
_2
udc
_c
BK
999
_c
38485
_d
38485